[Event "chTeam-YUG"]
[Site "?"]
[Date "1999.08.18"]
[Round "?"]
[White "Sveshnikov Evgeny"]
[Black "Komarov Dimitri"]
[Result "1-0"]
[WhiteElo "2541"]
[BlackElo "2582"]
[PlyCount "81"]
[EventDate "1999.??.??"]
[Source "www.chesslib.no"]
[SourceDate "2004.05.04"]

1. e4 e6 2. d4 d5 3. e5 c5 4. Qg4 cxd4 5. Nf3 Nc6 6. Bd3 Nge7 7. O-O Ng6 8. Re1 Be7 9. c3 dxc3 10. Nxc3 Bd7 11. Bd2 Nb4 12. Bb1 Rc8 13. a3 Nc6 14. Bd3 O-O 15. h4 f5 16. exf6 Rxf6 17. Bg5 Rxf3 18. Qxf3 Bxg5 19. Bxg6 Bxh4 20. Bf7+ Kh8 21. Rad1 Qb6 22. Bxe6 Bxe6 23. Rxe6 Nd4 24. Rxd4 Qxd4 25. g3 Bg5 26. Nb5 Qxb2 27. Nd6 Rb8 28. Re2 Qc1+ 29. Kh2 h6 30. Ne8 Qc5 31. Qf7 Qd4 32. f4 Bd8 33. Qf8+ Kh7 34. Qf5+ Kh8 35. Qf8+ Kh7 36. Kh3 b5 37. Qf5+ Kg8 38. Qe6+ Kh7 39. Qf5+ Kg8 40. Qg6 Bf6 41. Re6 1-0

[Event "chTeam-YUG playoff"]
[Site "?"]
[Date "1999.08.31"]
[Round "3"]
[White "Ivanovic Bozidar"]
[Black "Antic Dejan"]
[Result "1-0"]
[WhiteElo "2518"]
[BlackElo "2494"]
[PlyCount "63"]
[EventDate "1999.??.??"]
[Source "www.chesslib.no"]
[SourceDate "2004.05.04"]

1. e4 e6 2. d4 d5 3. e5 c5 4. Qg4 Nc6 5. Nf3 Qa5+ 6. Bd2 Qb6 7. b3 Nh6 8. Bxh6 gxh6 9. Bd3 c4 10. Be2 Qa5+ 11. Nbd2 Bb4 12. bxc4 Bxd2+ 13. Nxd2 Qc3 14. Rc1 Qxd4 15. Qxd4 Nxd4 16. Bd3 Bd7 17. cxd5 exd5 18. Nb3 Nc6 19. f4 Nb4 20. Nc5 Bc6 21. Rb1 b6 22. Nb3 Nxa2 23. Nd4 Bd7 24. Kd2 Rc8 25. Ra1 Nc3 26. Rxa7 Ne4+ 27. Bxe4 dxe4 28. Rb1 Rd8 29. Ke3 O-O 30. Rxb6 Be6 31. Nxe6 fxe6 32. Rbb7 1-0

[Event "London WFW"]
[Site "London"]
[Date "1991.??.??"]
[Round "?"]
[White "Hector, Jonny"]
[Black "King, Daniel J"]
[Result "1-0"]
[WhiteElo "2465"]
[BlackElo "2545"]
[PlyCount "47"]
[EventDate "1991.05.??"]
[Source "ChessBase"]

1. e4 e6 2. d4 d5 3. e5 c5 4. Qg4 Nc6 5. Nf3 cxd4 6. Bd3 g6 7. O-O f5 8. Qg3 Qb6 9. a3 a5 10. c3 Bd7 11. h4 Nh6 12. a4 Ng4 13. Na3 Bg7 14. Bf4 O-O 15. Nb5 dxc3 16. bxc3 Qc5 17. Rfe1 Nd8 18. Nfd4 Nf7 19. Rac1 Rae8 20. f3 Ngxe5 21. Rxe5 Nxe5 22. Bxe5 f4 23. Qe1 Re7 24. Bd6 1-0

[Event "Copenhagen Open"]
[Site "Copenhagen DEN"]
[Date "1991.??.??"]
[Round "2"]
[White "Hector, Jonny"]
[Black "Dokhoian, Yury R"]
[Result "1/2-1/2"]
[WhiteElo "2465"]
[BlackElo "2540"]
[PlyCount "50"]
[EventDate "1991.06.??"]
[Source "www.chesslib.no"]
[SourceDate "2004.05.04"]

1. e4 e6 2. d4 d5 3. e5 c5 4. Qg4 Nc6 5. Nf3 Qa5+ 6. c3 cxd4 7. Nxd4 f5 8. Qd1 Nxd4 9. Qxd4 Ne7 10. Bf4 Nc6 11. Qd2 Be7 12. Bd3 O-O 13. O-O Bd7 14. Qe2 Qc7 15. Re1 Rf7 16. Bc1 f4 17. Nd2 g5 18. b4 Rg7 19. Nb3 Rf8 20. f3 Be8 21. Bb2 a6 22. a4 Bg6 23. Bxg6 Rxg6 24. b5 Na5 25. Nxa5 Qxa5 1/2-1/2

[Event "Seefeld op 11th"]
[Site "?"]
[Date "2000.09.23"]
[Round "8"]
[White "Raetsky Alexander"]
[Black "Miezis Normunds"]
[Result "0-1"]
[WhiteElo "2425"]
[BlackElo "2518"]
[PlyCount "102"]
[EventDate "2000.??.??"]
[Source "www.chesslib.no"]
[SourceDate "2004.05.04"]

1. d4 e6 2. e4 d5 3. e5 c5 4. Qg4 Nc6 5. Nf3 Qa5+ 6. Bd2 Qb6 7. b3 cxd4 8. Bd3 Bd7 9. O-O O-O-O 10. c3 f6 11. cxd4 h5 12. Qg3 h4 13. Nxh4 Qxd4 14. Ng6 Qxa1 15. exf6 Nxf6 16. Nc3 Nh5 17. Qg5 Qb2 18. Rb1 Qa3 19. Nxh8 Be8 20. Ng6 Bxg6 21. Bxg6 Nf6 22. Nb5 Qxa2 23. Rc1 Kd7 24. h4 Qxb3 25. Rb1 Qa4 26. Qg3 Rc8 27. Nc3 Qa6 28. Bd3 Qa5 29. Rxb7+ Rc7 30. Nxd5 Qa1+ 31. Rb1 Qxb1+ 32. Bxb1 Nxd5 33. Be4 Nf6 34. Bf3 Nd4 35. Bf4 Rc3 36. Qg5 Rxf3 37. Be3 Ne2+ 38. Kf1 Rf5 39. Qg6 Nc3 40. Qf7+ Be7 41. Qxg7 Nce4 42. Bd4 Nd5 43. f3 a5 44. Ke2 Nd6 45. g3 Nb5 46. Ba1 a4 47. g4 Rf8 48. h5 Nf4+ 49. Kd1 Rd8 50. h6 Kc6+ 51. Ke1 Bh4+ 0-1

[Event "Kazimierz Dolny op"]
[Site "Kazimierz Dolny"]
[Date "2001.03.17"]
[Round "8"]
[White "Pinski, Jan"]
[Black "Zontakh, Andrey"]
[Result "0-1"]
[WhiteElo "2395"]
[BlackElo "2529"]
[PlyCount "52"]
[EventDate "2001.03.10"]
[Source "ChessBase"]
[SourceDate "2001.05.06"]

1. e4 e6 2. d4 d5 3. e5 c5 4. Qg4 Qa5+ 5. Bd2 Qb6 6. b3 cxd4 7. Nf3 Nc6 8. Bd3 Nb4 9. O-O Nxd3 10. cxd3 Ne7 11. Na3 Bd7 12. Nc2 Qa6 13. Nb4 Qb6 14. Qxd4 Qxd4 15. Nxd4 Ng6 16. Rfe1 Bc5 17. Nbc2 O-O 18. Bb4 b6 19. g3 a5 20. Bd2 f6 21. f4 fxe5 22. fxe5 Rf3 23. Be3 Nxe5 24. Kh1 Rf7 25. Rad1 Ng4 26. Bg1 e5 0-1

[Event "BKL-Turnier"]
[Site "Leipzig GER"]
[Date "1982.??.??"]
[Round "9"]
[White "Honfi, Karoly"]
[Black "Uhlmann, Wolfgang"]
[Result "0-1"]
[WhiteElo "2390"]
[BlackElo "2515"]
[PlyCount "106"]
[EventDate "1982.01.11"]
[Source "www.chesslib.no"]
[SourceDate "2004.05.04"]

1. e4 e6 2. d4 d5 3. e5 c5 4. Qg4 cxd4 5. Nf3 Nc6 6. Bd3 Nge7 7. O-O Ng6 8. Re1 Be7 9. c3 O-O 10. cxd4 Nb4 11. Rd1 f5 12. Qh5 Qe8 13. Ne1 Bd7 14. Nc3 Qf7 15. Be2 Rfc8 16. Bg5 Bf8 17. a3 Nc6 18. Rd3 Be8 19. Qh3 b5 20. Rad1 Rab8 21. Bh5 b4 22. axb4 Rxb4 23. Bc1 Qb7 24. Nf3 Be7 25. g4 f4 26. g5 Nd8 27. Nh4 Bxg5 28. Nxg6 hxg6 29. Bg4 Bh6 30. Bxe6+ Nxe6 31. Qxe6+ Bf7 32. Qg4 g5 33. e6 Bg6 34. Rh3 Rf8 35. e7 Qxe7 36. Nxd5 Qd6 37. Nxb4 Bf5 38. Qf3 Qxb4 39. Qd5+ Kh7 40. Rb3 Qe7 41. Qc4 Qe4 42. Rc3 Rd8 43. d5 Qe5 44. Qd4 Qe2 45. h3 g4 46. Qd2 Qe5 47. hxg4 Bxg4 48. f3 Bh3 49. Qh2 Rxd5 50. Bd2 Qd4+ 51. Kh1 Rh5 52. Rcc1 Qd5 53. Qf2 Qg5 0-1

[Event "Politiken Cup"]
[Site "Copenhagen DEN"]
[Date "1991.??.??"]
[Round "?"]
[White "Hector, Jonny"]
[Black "Fries Nielsen, Jens Ove"]
[Result "1-0"]
[WhiteElo "2465"]
[BlackElo "2415"]
[PlyCount "79"]
[EventDate "1991.??.??"]
[Source "www.chesslib.no"]
[SourceDate "2004.05.04"]

1. e4 e6 2. d4 d5 3. e5 c5 4. Qg4 cxd4 5. Nf3 Nc6 6. Bd3 f5 7. Qg3 Nh6 8. O-O Nf7 9. a3 Bd7 10. Re1 g6 11. h4 Qc7 12. b4 a6 13. Bf4 Be7 14. c3 Na7 15. cxd4 Qd8 16. Nc3 Bc6 17. Reb1 Kf8 18. a4 Be8 19. b5 a5 20. Ne2 Nc8 21. Bd2 Nb6 22. Nf4 Bd7 23. Nh3 Rg8 24. Nhg5 Nxg5 25. Nxg5 h6 26. Nh7+ Kg7 27. Nf6 Rh8 28. Rc1 Kf7 29. Rc2 Bxf6 30. exf6 Qxf6 31. Qd6 Qxd4 32. Ra3 Rhd8 33. Be3 Qb4 34. Bc5 Qe1+ 35. Bf1 Nc8 36. Qc7 Ne7 37. Re3 Qd1 38. Rxe6 Qxc2 39. Rxe7+ Kg8 40. Qe5 1-0

[Event "BL2-West 0001"]
[Site "Germany"]
[Date "2001.01.07"]
[Round "4.4"]
[White "Steinbacher, Matthias"]
[Black "Apicella, Manuel"]
[Result "0-1"]
[WhiteElo "2357"]
[BlackElo "2506"]
[PlyCount "70"]
[EventDate "2000.10.15"]
[Source "ChessBase"]
[SourceDate "2001.07.03"]

1. e4 e6 2. d4 d5 3. e5 c5 4. Qg4 Nc6 5. Nf3 cxd4 6. Bd3 Qc7 7. Bf4 Nge7 8. O-O Ng6 9. h4 Nxf4 10. Qxf4 f6 11. Qg4 Nxe5 12. Nxe5 Qxe5 13. Bxh7 f5 14. Bg6+ Kd8 15. Qg3 Qxg3 16. fxg3 Bd6 17. Nd2 Bxg3 18. h5 Bd7 19. Rf3 Bd6 20. Rb3 Kc7 21. Nf3 Bc5 22. Re1 Ba4 23. Ng5 d3+ 24. Kf1 Bxb3 25. cxb3 d2 26. Rd1 Kd7 27. Ke2 Bd6 28. Kf3 Rac8 29. Bf7 Rh6 30. Bg6 Rc2 31. Nf7 Rxb2 32. Nxh6 gxh6 33. g4 fxg4+ 34. Kxg4 Rc2 35. Bf7 Bb4 0-1

[Event "Torneo MI-B"]
[Site "Marianske Lazne CEC"]
[Date "2009.01.17"]
[Round "1"]
[White "Vojta, Tomas"]
[Black "Simutowe, Amon"]
[Result "0-1"]
[WhiteElo "2376"]
[BlackElo "2485"]
[PlyCount "56"]
[EventDate "2009.01.17"]
[Source "www.chesslib.no"]
[SourceDate "2004.05.04"]

1. e4 e6 2. d4 d5 3. e5 c5 4. Qg4 Nc6 5. Nf3 Qc7 6. Qg3 Nge7 7. Bd3 c4 8. Be2 Nf5 9. Qf4 f6 10. exf6 Qxf4 11. Bxf4 gxf6 12. c3 Bg7 13. Na3 e5 14. dxe5 fxe5 15. Bd2 a6 16. Ng5 h6 17. Bh5+ Ke7 18. Nf3 e4 19. Ng1 Ne5 20. Nh3 Nd3+ 21. Ke2 Be5 22. f3 Rg8 23. Rag1 Nh4 24. Bxh6 Rxg2+ 25. Rxg2 Nxg2 26. Bg5+ Kd6 27. Bg4 exf3+ 28. Kxf3 Nge1+ 0-1

[Event "1. League TCh-SCG"]
[Site "?"]
[Date "2003.09.06"]
[Round "8"]
[White "Popadic Dragan"]
[Black "Atalik Suat"]
[Result "1-0"]
[WhiteElo "2261"]
[BlackElo "2599"]
[PlyCount "85"]
[EventDate "2003.??.??"]
[Source "www.chesslib.no"]
[SourceDate "2004.05.04"]

1. e4 e6 2. d4 d5 3. e5 c5 4. Qg4 Nc6 5. Nf3 Qa5+ 6. Bd2 Nh6 7. Qg5 Qb6 8. b3 Nf5 9. Bd3 Nfxd4 10. Nxd4 Nxd4 11. O-O Bd7 12. Nc3 h6 13. Qh5 Be7 14. Rfe1 g6 15. Qd1 h5 16. a4 Bc6 17. Qc1 h4 18. h3 Rh5 19. Ne2 Nxe2+ 20. Rxe2 c4 21. bxc4 dxc4 22. Be4 Bxe4 23. Rxe4 Qc6 24. Qe1 Rd8 25. Bc3 Bc5 26. Kf1 Rf5 27. f3 Be7 28. Qe2 Rc8 29. Kg1 b6 30. Kh1 a6 31. Qe1 a5 32. Rb1 Qxa4 33. Rxb6 Qxc2 34. Rb2 Qa4 35. Bxa5 Bg5 36. Bb4 Rd8 37. Rb1 Rf4 38. Bd6 Qc2 39. Re2 Qf5 40. Qb4 c3 41. Qb5+ Rd7 42. Ra1 Bd8 43. Ra8 1-0

[Event "Linares Anibal op 5th"]
[Site "Linares"]
[Date "1998.01.24"]
[Round "5"]
[White "Skomorokhin, Roman"]
[Black "Candela Perez, Jose"]
[Result "0-1"]
[WhiteElo "2480"]
[BlackElo "2355"]
[PlyCount "78"]
[EventDate "1998.01.20"]
[Source "ChessBase"]
[SourceDate "1998.03.09"]

1. d4 e6 2. e4 d5 3. e5 c5 4. Qg4 cxd4 5. Nf3 Nc6 6. Bd3 Nge7 7. O-O Ng6 8. Qg3 Be7 9. Nbd2 O-O 10. Nb3 f6 11. Bxg6 hxg6 12. exf6 Bxf6 13. Bf4 g5 14. Bc7 Qe8 15. Bd6 Rf7 16. Rfe1 d3 17. cxd3 Bxb2 18. Rad1 Bc3 19. Re3 d4 20. Re4 e5 21. Nxg5 Rf5 22. Nf3 Be6 23. Nxe5 Qh5 24. Nf3 Re8 25. Rh4 Qf7 26. Nc5 Bxa2 27. Ng5 Qg6 28. Rg4 Re1+ 29. Rxe1 Bxe1 30. Nce4 Qh6 31. Bf4 Bb4 32. Rh4 Qg6 33. Qh3 Kf8 34. Rh8+ Ke7 35. Qh4 Kd7 36. Nf3 Be7 37. Bg5 Be6 38. Bxe7 Nxe7 39. Nxd4 Rd5 0-1

[Event "RUS-chT (club)"]
[Site "?"]
[Date "1999.??.??"]
[Round "?"]
[White "Egorov Evgeni"]
[Black "Lependin Anatolij"]
[Result "1/2-1/2"]
[WhiteElo "2411"]
[BlackElo "2407"]
[PlyCount "49"]
[EventDate "1999.??.??"]
[Source "www.chesslib.no"]
[SourceDate "2004.05.04"]

1. e4 e6 2. d4 d5 3. e5 c5 4. Qg4 Nc6 5. Nf3 Nge7 6. Bd3 c4 7. Be2 Nf5 8. c3 Be7 9. h4 f6 10. Nbd2 b5 11. h5 b4 12. Nf1 fxe5 13. dxe5 bxc3 14. bxc3 Qc7 15. Bf4 O-O 16. Ng3 Nxg3 17. Qxg3 d4 18. cxd4 Bb4+ 19. Kf1 Ne7 20. Rc1 c3 21. Bd3 Nf5 22. Qg4 Bb7 23. Nh4 Qd7 24. Rd1 Bd5 25. Rh3 1/2-1/2

[Event "Torneo IM - B1"]
[Site "Marianske Lazne CEC"]
[Date "2007.01.20"]
[Round "2"]
[White "Vojta, Tomas"]
[Black "Kozhuharov, Spas"]
[Result "1/2-1/2"]
[WhiteElo "2361"]
[BlackElo "2456"]
[PlyCount "79"]
[EventDate "2007.01.19"]
[Source "www.chesslib.no"]
[SourceDate "2004.05.04"]

1. e4 e6 2. d4 d5 3. e5 c5 4. Qg4 Nc6 5. Nf3 Qa5+ 6. c3 cxd4 7. Bd3 dxc3 8. bxc3 Nge7 9. O-O Bd7 10. Bd2 Qc7 11. Re1 Ng6 12. Qg3 O-O-O 13. a4 f6 14. c4 Ngxe5 15. Nxe5 fxe5 16. cxd5 exd5 17. Nc3 Be6 18. Nb5 Qd7 19. Nxa7+ Nxa7 20. Qxe5 Nc6 21. Qxe6 Qxe6 22. Rxe6 Bd6 23. Rc1 Kb8 24. a5 Nd4 25. Rxd6 Rxd6 26. Bf4 Rhd8 27. a6 Ne6 28. Be5 Ka7 29. axb7 Kxb7 30. Bxd6 Rxd6 31. Bxh7 d4 32. f3 Kb6 33. Kf2 Nc5 34. Be4 Kb5 35. Rb1+ Kc4 36. Rc1+ Kb4 37. Rb1+ Kc4 38. Rc1+ Kb4 39. Rb1+ Kc3 40. Rc1+ 1/2-1/2

[Event "CSR-ch"]
[Site "Trnava"]
[Date "1980.??.??"]
[Round "12"]
[White "Sikora Lerch, Jan"]
[Black "Ambroz, Jan"]
[Result "1/2-1/2"]
[WhiteElo "2410"]
[BlackElo "2390"]
[PlyCount "42"]
[EventDate "1980.??.??"]
[Source "ChessBase"]

1. e4 e6 2. d4 d5 3. e5 c5 4. Qg4 Nc6 5. Nf3 Nge7 6. dxc5 Ng6 7. Be3 Ngxe5 8. Nxe5 Nxe5 9. Qg3 d4 10. Qxe5 dxe3 11. fxe3 Qa5+ 12. Nc3 Bd7 13. O-O-O Bc6 14. Nd5 O-O-O 15. Nb6+ axb6 16. Rxd8+ Kxd8 17. Qb8+ Kd7 18. Bb5 Qxb5 19. Rd1+ Bd5 20. Qxb7+ Ke8 21. Qb8+ Kd7 1/2-1/2

[Event "UKR-ch"]
[Site "?"]
[Date "2000.??.??"]
[Round "8"]
[White "Shilin Denis"]
[Black "Fingerov Dmitry"]
[Result "1/2-1/2"]
[WhiteElo "2424"]
[BlackElo "2362"]
[PlyCount "97"]
[EventDate "2000.??.??"]
[Source "www.chesslib.no"]
[SourceDate "2004.05.04"]

1. e4 e6 2. d4 d5 3. e5 c5 4. Qg4 cxd4 5. Nf3 Nc6 6. Bd3 Qa5+ 7. Nbd2 Qc7 8. Qg3 f6 9. Bxh7 Nxe5 10. Nxe5 Qxe5+ 11. Qxe5 fxe5 12. Bxg8 Rxg8 13. Nf3 Bd6 14. Bg5 Bd7 15. O-O-O Rf8 16. Bh4 e4 17. Nxd4 Bf4+ 18. Kb1 g5 19. Bg3 Bxg3 20. fxg3 Rf2 21. h4 Rxg2 22. hxg5 O-O-O 23. Rdg1 Rxg1+ 24. Rxg1 e5 25. Nb3 Rg8 26. Kc1 Rxg5 27. Kd2 d4 28. c3 e3+ 29. Kd3 Bf5+ 30. Ke2 Be6 31. cxd4 Bxb3 32. axb3 exd4 33. g4 Kd7 34. Kd3 Rd5 35. b4 Ke6 36. Rf1 a6 37. Rf8 Ke7 38. Rf1 Ke6 39. Rg1 Rd8 40. g5 Kd5 41. g6 Ke6 42. Rf1 Ke5 43. g7 Rg8 44. Rf7 b6 45. Rd7 Kf6 46. Rxd4 Rxg7 47. Re4 Kf5 48. Rxe3 Rc7 49. Rg3 1/2-1/2

[Event "It Open"]
[Site "Koblenz GER"]
[Date "1990.??.??"]
[Round "7"]
[White "Ksieski, Zbigniew"]
[Black "Spiess, Gunter"]
[Result "0-1"]
[WhiteElo "2355"]
[BlackElo "2415"]
[PlyCount "60"]
[EventDate "1990.??.??"]
[Source "www.chesslib.no"]
[SourceDate "2004.05.04"]

1. e4 e6 2. d4 d5 3. e5 c5 4. Qg4 cxd4 5. Nf3 f5 6. Qg3 Ne7 7. h4 Nec6 8. Bd3 Nd7 9. O-O Nc5 10. a3 Ne4 11. Qf4 a5 12. Nbd2 Qb6 13. g4 g6 14. h5 Bd7 15. h6 Be7 16. b3 Rf8 17. Bb2 fxg4 18. Qxg4 Nxd2 19. Nxd2 Nxe5 20. Qxd4 Qxd4 21. Bxd4 Nxd3 22. cxd3 Rc8 23. a4 Rc2 24. Rad1 Bb4 25. Nb1 Rf4 26. Be3 Rg4+ 27. Kh2 Bd6+ 28. Kh1 d4 29. Rd2 Rc5 30. f3 Rh5+ 0-1

[Event "Martinenc"]
[Site "Martinenc"]
[Date "2001.01.15"]
[Round "8"]
[White "Welling, Gerard"]
[Black "Gonzalez Rodriguez, Jorge A"]
[Result "0-1"]
[WhiteElo "2385"]
[BlackElo "2376"]
[PlyCount "108"]
[EventDate "2001.01.08"]
[Source "ChessBase"]
[SourceDate "2001.03.08"]

1. e4 e6 2. d4 d5 3. e5 c5 4. Qg4 b6 5. Nc3 Qd7 6. a4 Nc6 7. Nf3 Nge7 8. a5 Nf5 9. Bb5 bxa5 10. O-O cxd4 11. Ne2 Bc5 12. Bd2 O-O 13. Qh3 f6 14. g4 Nfe7 15. exf6 gxf6 16. Nfxd4 e5 17. Nxc6 Nxc6 18. Ng3 Qc7 19. Bh6 Rf7 20. Rad1 Nd4 21. Ba4 Bb7 22. Nh5 Kh8 23. c3 Ne2+ 24. Kh1 d4+ 25. f3 e4 26. cxd4 Nxd4 27. Be3 exf3 28. Bf2 Ne2 29. Qh4 Bxf2 30. Rxf2 Qb6 31. g5 Rd8 32. Rxd8+ Qxd8 33. g6 Qd2 34. Ng3 Nxg3+ 35. Qxg3 Qe1+ 36. Qg1 Qxg1+ 37. Kxg1 hxg6 38. Bd1 Rc7 39. Bxf3 Bxf3 40. Rxf3 Rc1+ 41. Kg2 Rc2+ 42. Kg3 Kg7 43. Rb3 Kh6 44. Rb7 Rc5 45. h4 f5 46. Rxa7 Rb5 47. Ra8 Rb3+ 48. Kf4 Rxb2 49. Rxa5 Rg2 50. Ra8 Rg4+ 51. Ke5 Rxh4 52. Kf6 Kh5 53. Rg8 Ra4 54. Rh8+ Kg4 0-1

[Event "Groningen op"]
[Site "Groningen"]
[Date "1999.12.20"]
[Round "2"]
[White "Jonkman, Harmen"]
[Black "Geurink, Jasper"]
[Result "0-1"]
[WhiteElo "2421"]
[BlackElo "2300"]
[PlyCount "124"]
[EventDate "1999.12.19"]
[Source "ChessBase"]
[SourceDate "2000.01.11"]

1. e4 e6 2. d4 d5 3. e5 c5 4. Qg4 cxd4 5. Nf3 Nc6 6. Bd3 f5 7. Qg3 Qc7 8. O-O Nh6 9. c3 Nf7 10. cxd4 Nb4 11. Bb5+ Bd7 12. Bxd7+ Qxd7 13. Nc3 Rg8 14. h4 O-O-O 15. Bg5 Re8 16. Rac1 Kb8 17. a3 Nc6 18. Be3 h6 19. h5 g5 20. hxg6 Nh8 21. Nh4 Ne7 22. Ne2 Nhxg6 23. Nxg6 Nxg6 24. Qh2 Be7 25. g3 Rh8 26. Qh5 Reg8 27. f4 Bd8 28. Kf2 Bb6 29. Rh1 Qb5 30. b4 Rg7 31. Nc3 Qd7 32. Qe2 Ne7 33. a4 Rhg8 34. Rh3 Nc6 35. Qb5 Bd8 36. Ne2 a6 37. Qd3 Nxb4 38. Qb3 Nc6 39. Rxh6 Na5 40. Qb4 Nc4 41. Rch1 Ba5 42. Qb3 Bd2 43. Bxd2 Nxd2 44. Qb4 Ne4+ 45. Kf1 Qc8 46. Rh7 a5 47. Qxa5 Rxg3 48. Qb4 Rf3+ 49. Ke1 Re3 50. Qb2 Rg2 51. Rh8 Rexe2+ 52. Qxe2 Rxe2+ 53. Kxe2 Ng3+ 54. Kf3 Nxh1 55. Rxc8+ Kxc8 56. Kg2 Kc7 57. Kxh1 Kb6 58. Kg2 Ka5 59. Kg3 Kxa4 60. Kh4 Kb5 61. Kg5 Kc6 62. Kf6 Kd7 0-1

[Event "Katowice Open"]
[Site "Katowice POL"]
[Date "1993.??.??"]
[Round "4"]
[White "Biolek, Richard"]
[Black "Dymerski, Henryk"]
[Result "1-0"]
[WhiteElo "2420"]
[BlackElo "2285"]
[PlyCount "89"]
[EventDate "1993.01.??"]
[Source "www.chesslib.no"]
[SourceDate "2004.05.04"]

1. e4 e6 2. d4 d5 3. e5 c5 4. Qg4 Nc6 5. Nf3 f5 6. Qg3 Nxd4 7. Nxd4 cxd4 8. Bd3 Ne7 9. O-O Nc6 10. a3 Qc7 11. Bf4 Bc5 12. b4 Bb6 13. Nd2 O-O 14. h4 Kh8 15. h5 Qf7 16. h6 gxh6 17. Bxh6 Rg8 18. Qh2 Bd7 19. f4 Be8 20. Rf3 a6 21. Rh3 Bd8 22. Kf2 Qd7 23. Rh1 Bg6 24. Nf3 Rc8 25. Bg5 Bxg5 26. Nxg5 Rg7 27. Rh6 Kg8 28. g4 Rc7 29. Nxe6 Qxe6 30. gxf5 Qc8 31. Rxg6 Rxg6 32. fxg6 Nxe5 33. Qh4 Qf8 34. Kg3 Nxd3 35. cxd3 Rg7 36. f5 Qe8 37. Qxd4 Qd8 38. Rxh7 Qg5+ 39. Qg4 Qe3+ 40. Qf3 Qg1+ 41. Kh3 Rxh7+ 42. gxh7+ Kxh7 43. Qh5+ Kg7 44. Qg4+ Qxg4+ 45. Kxg4 1-0

[Event "CZE-ch blind"]
[Site "?"]
[Date "2000.07.09"]
[Round "11"]
[White "Olsar Jaroslav"]
[Black "Horak Josef"]
[Result "1-0"]
[WhiteElo "2350"]
[BlackElo "2340"]
[PlyCount "47"]
[EventDate "2000.??.??"]
[Source "www.chesslib.no"]
[SourceDate "2004.05.04"]

1. e4 e6 2. d4 d5 3. e5 c5 4. Qg4 Ne7 5. Nf3 Nf5 6. Bd3 h5 7. Qf4 Nxd4 8. Nxd4 cxd4 9. h4 Nc6 10. Nd2 Qc7 11. Nf3 Nb4 12. O-O Nxd3 13. cxd3 Be7 14. Qg3 g6 15. Nxd4 a6 16. Re1 Qd8 17. Bg5 Bxg5 18. hxg5 h4 19. Qe3 Ke7 20. Kh2 Rh5 21. Kh3 Ke8 22. Kg4 Qe7 23. Rh1 Qf8 24. Rh3 1-0

[Event "CSR-ch"]
[Site "Ostrava"]
[Date "1976.??.??"]
[Round "3"]
[White "Sikora Lerch, Jan"]
[Black "Lechtynsky, Jiri"]
[Result "1/2-1/2"]
[WhiteElo "2310"]
[BlackElo "2380"]
[PlyCount "41"]
[EventDate "1976.??.??"]
[Source "ChessBase"]

1. e4 e6 2. d4 d5 3. e5 c5 4. Qg4 Nc6 5. Nf3 Nge7 6. dxc5 Qc7 7. Nc3 a6 8. Bf4 Ng6 9. Bg3 Bxc5 10. Bd3 Nb4 11. h4 h5 12. Qg5 Nxd3+ 13. cxd3 Bd7 14. Rc1 Bc6 15. O-O Qd8 16. Qxd8+ Rxd8 17. Ne2 Bb6 18. Nfd4 Bd7 19. f4 O-O 20. Rc3 Ne7 21. Bf2 1/2-1/2

[Event "Dos Hermanas op 3rd"]
[Site "Dos Hermanas"]
[Date "2002.04.06"]
[Round "2"]
[White "Castano, Duvan"]
[Black "Comas Fabrego, Luis"]
[Result "1-0"]
[WhiteElo "2165"]
[BlackElo "2520"]
[PlyCount "65"]
[EventDate "2002.04.05"]
[Source "ChessBase"]
[SourceDate "2002.05.03"]

1. e4 e6 2. d4 d5 3. e5 c5 4. Qg4 cxd4 5. Nf3 Nc6 6. Bd3 Nge7 7. O-O Ng6 8. Re1 Qc7 9. Qg3 f6 10. Bxg6+ hxg6 11. Qxg6+ Qf7 12. Qg3 Bc5 13. Nbd2 Bb6 14. Nb3 Bd7 15. a4 a5 16. c3 dxc3 17. bxc3 Bc7 18. Ba3 Nxe5 19. Nxe5 fxe5 20. Rab1 O-O-O 21. Qe3 d4 22. cxd4 Bc6 23. dxe5 Rh4 24. Bd6 Rg4 25. g3 Re4 26. Qc3 Bb6 27. Bc5 Rxe1+ 28. Rxe1 Bxc5 29. Nxc5 Qf5 30. Ne4 Kb8 31. Nd6 Qh3 32. f3 Rh8 33. Re2 1-0

[Event "FRA Team Ch"]
[Site "France"]
[Date "1992.??.??"]
[Round "?"]
[White "Kappler, Jean-Marie"]
[Black "Luce, Sebastien"]
[Result "1/2-1/2"]
[WhiteElo "2280"]
[BlackElo "2400"]
[PlyCount "75"]
[EventDate "1992.??.??"]
[Source "www.chesslib.no"]
[SourceDate "2004.05.04"]

1. e4 e6 2. d4 d5 3. e5 c5 4. Qg4 Qa5+ 5. Nd2 Nc6 6. dxc5 Nh6 7. Qf4 Bxc5 8. c3 Qd8 9. Nb3 Bb6 10. Nf3 Bc7 11. Bd3 f6 12. Qg3 Kf7 13. Bxh6 gxh6 14. Qf4 Nxe5 15. Nxe5+ Bxe5 16. Qxh6 Qg8 17. f4 Bd6 18. O-O Qg7 19. Qh5+ Kf8 20. Rf3 f5 21. c4 d4 22. Re1 Bd7 23. c5 Be7 24. Bc4 Qf6 25. Rf2 Rg8 26. g3 Rg6 27. Rfe2 Qf7 28. Qf3 Qg7 29. Re5 Rh6 30. Qe2 Bf6 31. Rxe6 Bxe6 32. Qxe6 Rxh2 33. c6 Rh1+ 34. Kf2 Rh2+ 35. Kf1 Rh1+ 36. Kf2 Rh2+ 37. Kf1 Rh1+ 38. Kf2 1/2-1/2

[Event "Leinfeld op"]
[Site "?"]
[Date "2002.??.??"]
[Round "5"]
[White "Bauer Eckart"]
[Black "Duppel Matthias"]
[Result "1/2-1/2"]
[WhiteElo "2231"]
[BlackElo "2446"]
[PlyCount "95"]
[EventDate "2002.??.??"]
[Source "www.chesslib.no"]
[SourceDate "2004.05.04"]

1. e4 e6 2. d4 d5 3. e5 c5 4. Qg4 Nc6 5. Nf3 Nge7 6. dxc5 Ng6 7. Bb5 Qc7 8. Qd4 Qa5+ 9. Nc3 Qxb5 10. Nxb5 Nxd4 11. Nfxd4 Bxc5 12. Be3 Bb6 13. f4 Bd7 14. Kd2 O-O 15. a4 f6 16. exf6 Rxf6 17. Ne2 Bxe3+ 18. Kxe3 e5 19. fxe5 Nxe5 20. Kd4 Rf2 21. Nbc3 Nc6+ 22. Kxd5 Bg4 23. Rae1 Nb4+ 24. Kc4 Nxc2 25. Rc1 Rxe2 26. Nxe2 Bxe2+ 27. Kc3 Ne3 28. Kd2 Bf1 29. Kxe3 Bxg2 30. Rhg1 Bc6 31. Rc4 Re8+ 32. Kd2 Re5 33. h4 h6 34. Re1 Rd5+ 35. Kc3 Rd7 36. Re5 Kh7 37. Rf4 a6 38. b3 Rc7 39. Kb4 Rd7 40. Ka5 Rd3 41. Kb4 Bd5 42. Kc5 Bc6 43. Kc4 Rd7 44. h5 Rd1 45. Rf8 Rg1 46. Kb4 Rg5 47. Rff5 Rg3 48. Kc4 1/2-1/2

[Event "Zalakaros op 19th"]
[Site "?"]
[Date "2000.05.25"]
[Round "7"]
[White "Boguszlavszkij Jevgenyij"]
[Black "Berkes Ferenc"]
[Result "1-0"]
[WhiteElo "2279"]
[BlackElo "2398"]
[PlyCount "95"]
[EventDate "2000.??.??"]
[Source "www.chesslib.no"]
[SourceDate "2004.05.04"]

1. e4 e6 2. d4 d5 3. e5 c5 4. Qg4 Nc6 5. Nf3 cxd4 6. Bd3 f5 7. Qg3 Qb6 8. O-O Bd7 9. a3 Nh6 10. b4 Nf7 11. Re1 a6 12. Nbd2 g5 13. Bxf5 exf5 14. e6 O-O-O 15. Nxg5 Rg8 16. exf7 Rg6 17. Qh4 Rh6 18. Qg3 Bd6 19. f4 d3+ 20. Kh1 dxc2 21. Nb3 d4 22. Qd3 Qc7 23. Rf1 Nxb4 24. axb4 Bb5 25. Qxf5+ Kb8 26. Rf3 Bxb4 27. Ne6 Qe7 28. f8=Q Rxf8 29. Qxf8+ Qxf8 30. Nxf8 Bxf8 31. Nxd4 Rd6 32. Bb2 Bg7 33. Rf2 Bxd4 34. Rxc2 a5 35. Bxd4 Rxd4 36. Rc5 Rb4 37. f5 b6 38. Re5 Bc6 39. f6 Rf4 40. Re6 Kb7 41. Rc1 Bd5 42. Re7+ Ka6 43. Rd7 Bb3 44. Rd6 a4 45. g3 Rf5 46. Rc3 Ka5 47. g4 Rd5 48. f7 1-0

[Event "Stuttgart op 6th"]
[Site "Ditzingen"]
[Date "2001.05.24"]
[Round "2"]
[White "Gelfenboim, Jaroslaw"]
[Black "Schlosser, Philipp"]
[Result "1-0"]
[WhiteElo "2168"]
[BlackElo "2493"]
[PlyCount "81"]
[EventDate "2001.05.24"]
[Source "ChessBase"]
[SourceDate "2001.07.03"]

1. e4 e6 2. d4 d5 3. e5 c5 4. Qg4 Nc6 5. Nf3 cxd4 6. Bd3 Nge7 7. O-O Ng6 8. Re1 Be7 9. c3 dxc3 10. Nxc3 Bd7 11. a3 O-O 12. Bg5 Kh8 13. Qh5 Nd4 14. h4 Nxf3+ 15. gxf3 Be8 16. Ne2 f5 17. exf6 gxf6 18. Nf4 Rg8 19. Nxe6 Qd6 20. Qg4 Ne5 21. Rxe5 Qxe5 22. f4 Qxb2 23. Rb1 Qc3 24. Bxh7 Kxh7 25. Rxb7 Qxa3 26. Qf5+ Kh8 27. Kh2 Rg6 28. h5 Rxg5 29. Nxg5 fxg5 30. Qe5+ Kg8 31. Rxe7 Bf7 32. Qxg5+ Kf8 33. Rxf7+ Kxf7 34. Qxd5+ Kg7 35. Qxa8 Qc5 36. Qg2+ Kh8 37. Qf3 a5 38. f5 a4 39. f6 a3 40. Qa8+ Kh7 41. Qe4+ 1-0